2022 FIFA World Cup Lineups - Statistics

General Stats
  • This quiz has been taken 38 times
  • The average score is 21 of 32
Answer Stats
Picture Answer % Correct
England
90%
Saudi Arabia
90%
Spain
90%
Brazil
83%
Croatia
83%
Germany
83%
Portugal
83%
Netherlands
80%
Argentina
77%
France
77%
Poland
77%
Belgium
73%
Mexico
73%
Switzerland
73%
Uruguay
70%
Costa Rica
63%
Morocco
63%
Qatar
63%
Senegal
63%
South Korea
63%
Australia
60%
Canada
57%
Serbia
57%
Denmark
53%
Ghana
53%
United States
53%
Cameroon
50%
Ecuador
50%
Japan
47%
Wales
47%
Iran
40%
Tunisia
33%
No matching quizzes found
Score Distribution
Percent of People with Each Score
Percentile by Number Answered
Your Score History
You have not taken this quiz